000 00653nam a22002057a 4500
003 UA-OsUOA
001 87735
007 ta
008 20120921b un ||||| |||| 00| 0 ukr d
090 _a94(479)
_bИ90
942 _cBK
040 _aUA-OsUOA
_brus
_cUA-OsUOA
_dUA-OsUOA
245 _aИстория народов Северного Кавказа с древнейших времен до конца XVIII в.
_cОтв. ред. Пиотровский Б. Б.
300 _a543 с.
955 _a1
041 _arus
080 _a94(479)
260 _aМ.
_bНаука
_c1988
650 7 _a9 Географія. Біографії. Історія
_2UDC
999 _c374034
_d374034